Intergenerational transfers within the family.

Štruktúra medzigeneračných prevodov v rámci rodiny. Štylizovaný model prevodov finančných zdrojov za alternatívneho predpokladu ohľadu podstaty vzťahov medzi rodičmi a deťmi. Schéma medzigeneračných prevodov pri existencii troch generácií a absencii altruizmu. Vládne možnosti ovplyvňovania medzigene...

Descrizione completa

Salvato in:
Dettagli Bibliografici
Autore principale: Cremer, H.
Altri autori: Kessler, D., Pestieau, Pierre
Natura: Capitolo di libro
Lingua:inglese
Soggetti:
Tags: Aggiungi Tag
Nessun Tag, puoi essere il primo ad aggiungerne!!

MARC

LEADER 00000naa a2200000 4500
001 r008283
005 20221130112809.9
041 0 |a eng 
044 |a NL 
245 1 0 |a Intergenerational transfers within the family.  |c H. Cremer, D. Kessler, P. Pestieau 
520 |a Štruktúra medzigeneračných prevodov v rámci rodiny. Štylizovaný model prevodov finančných zdrojov za alternatívneho predpokladu ohľadu podstaty vzťahov medzi rodičmi a deťmi. Schéma medzigeneračných prevodov pri existencii troch generácií a absencii altruizmu. Vládne možnosti ovplyvňovania medzigeneračnej alokácie zdrojov - verejné školstvo a sociálne zabezpečenie. 
610 2 0 |a zdroje finančné 
610 2 0 |a rodina 
610 2 0 |a modely ekonomicko-matematické 
610 2 0 |a zabezpečenie sociálne 
610 2 0 |a príjmy rodinné 
610 2 0 |a deti 
610 2 0 |a vzdelanie 
610 2 0 |a štát 
610 2 0 |a optimalizácia 
100 1 |a Cremer, H. 
700 1 |a Kessler, D. 
700 1 |a Pestieau, Pierre